Welcome to the Holygrace Academy Library

Please use search bar below to get started

PATTY REED'S DOLL (Record no. 3481)

MARC details
000 -LEADER
fixed length control field 00340nam a22001337a 4500
020 ## - INTERNATIONAL STANDARD BOOK NUMBER
ISBN 0-9617357-2-4
082 ## - DEWEY DECIMAL CLASSIFICATION NUMBER
Classification number 823
Item number LAU/P
100 ## - MAIN ENTRY--AUTHOR NAME
Personal name LAURGAARD, RACHEL K
245 ## - TITLE STATEMENT
Title PATTY REED'S DOLL
Remainder of title THE STORY OF THE DONNER PARTY
260 ## - PUBLICATION, DISTRIBUTION, ETC. (IMPRINT)
Place of publication CALIFORNIA
Name of publisher TOMATO ENTERPRISES
Year of publication 1989
300 ## - PHYSICAL DESCRIPTION
Number of Pages 143
650 ## - SUBJECT ADDED ENTRY--TOPICAL TERM
Topical Term NOVEL
Geographic subdivision UNITED STATES
942 ## - ADDED ENTRY ELEMENTS (KOHA)
Koha item type Books
Holdings
Withdrawn status Lost status Collection code Home library Current library Shelving location Date acquired Source of acquisition Full call number Accession Number Koha item type
    Fiction Main Library Main Library SHELF-14G- ALPHABETICAL J,K,L --ENGLISH NOVELS & FICTIONS 13/05/2005 purchase 823 LAU/P 01539 Books